Elements of mechanics of materials (Record no. 6596)

000 -LEADER
fixed length control field 00580nam a22002051 4500
001 - CONTROL NUMBER
control field 6129579
003 - CONTROL NUMBER IDENTIFIER
control field BD-DhUET
008 - FIXED-LENGTH DATA ELEMENTS--GENERAL INFORMATION
fixed length control field 730221s1966 njua b 000 0 eng
040 ## - CATALOGING SOURCE
Original cataloging agency DLC
Transcribing agency ODaWU
Modifying agency OCoLC
-- Uk
-- BD-DhUET
050 00 - LIBRARY OF CONGRESS CALL NUMBER
Classification number TA405
Item number .O37 1966
082 ## - DEWEY DECIMAL CLASSIFICATION NUMBER
Classification number 620.11
Item number OLS/1966
100 1# - MAIN ENTRY--PERSONAL NAME
Personal name Olsen, Gerner A.
245 10 - TITLE STATEMENT
Title Elements of mechanics of materials
Statement of responsibility, etc. by Gerner A. Olsen
250 ## - EDITION STATEMENT
Edition statement 2d ed.
260 ## - PUBLICATION, DISTRIBUTION, ETC. (IMPRINT)
Place of publication, distribution, etc. New Jersey
Name of publisher, distributor, etc. Prentice-Hall
Date of publication, distribution, etc. 1966
300 ## - PHYSICAL DESCRIPTION
Extent xxii, 591 p.
Other physical details illus.
Dimensions 24 cm.
504 ## - BIBLIOGRAPHY, ETC. NOTE
Bibliography, etc includes bibliographics
650 #0 - SUBJECT ADDED ENTRY--TOPICAL TERM
Topical term or geographic name as entry element Strength of materials
942 ## - ADDED ENTRY ELEMENTS (KOHA)
Koha item type General Book
Holdings
Price effective from Koha item type Copy number Koha full call number Date acquired Piece designation (barcode) Koha issues (times borrowed) Damaged status Lost status Koha normalized classification for sorting Koha date last seen Source of classification or shelving scheme Location (home branch) Koha date last borrowed Shelving location Sublocation or collection (holding branch) Not for loan Withdrawn status
2014-12-04Contented Book 28620.11 /OLS/19662014-12-0429221   620_110000000000000_OLS_19662014-12-04 Central Library, BUET Circulation sectionCentral Library, BUET  
2014-12-04Contented Book 23620.11 /OLS/19662014-12-04292161  620_110000000000000_OLS_19662018-12-04 Central Library, BUET2018-11-20Circulation sectionCentral Library, BUET  
2014-12-04Contented Book 13620.11/OLS/19662014-12-04292061  620_110000000000000_OLS_19662022-10-01 Central Library, BUET2022-08-29Circulation sectionCentral Library, BUET  
2014-12-04Contented Book 4620.11/OLS/19662014-12-0419846   620_110000000000000_OLS_19662014-12-04 Central Library, BUET Circulation sectionCentral Library, BUET  
2014-12-04Contented Book 1620.11/OLS/19662014-12-04524061  620_110000000000000_OLS_19662022-07-23 Central Library, BUET2022-06-20Circulation sectionCentral Library, BUET  
2015-06-16Reading Item6620.11/OLS/19662015-06-1613917   620_110000000000000_OLS_19662015-06-16 Central Library, BUET Reading sectionCentral Library, BUET  
2015-06-29Reading Item8620.11/OLS/19662015-06-2929227   620_110000000000000_OLS_19662015-06-29 Central Library, BUET Reading sectionCentral Library, BUET